| 000 | 00714nam a2200229 a 4500 | ||
|---|---|---|---|
| 999 |
_c8424 _d8424 |
||
| 001 | 8424 | ||
| 003 | BD-JhCC | ||
| 005 | 20180224120314.0 | ||
| 008 | 171004s2000 bg |||| ||a| 000 0 ben d | ||
| 020 | _a9844150981 | ||
| 035 | _a(BD-JhCC)8424 | ||
| 040 |
_aBD-JhCC _dBD-JhCC |
||
| 041 | _aben | ||
| 082 |
_a781.61 _bCHA 2000 |
||
| 100 | _aচক্রবর্তী ,মৃদুলকান্তি | ||
| 245 |
_aপঞ্চ-গীতিকবির গান / _cমৃদুলকান্তি চক্রবর্তী |
||
| 260 |
_aঢাকা : _bঅবসর, _c২০০০. |
||
| 300 |
_a331 p. ; _c22 cm. |
||
| 650 |
_aCompositions _xMusic |
||
| 942 |
_2ddc _cBK |
||